Factores determinantes para la concesión de crédito por parte de las entidades financieras a las Mipymes (Registro nro. 10973)
[ vista simple ]
| 000 -LEADER | |
|---|---|
| fixed length control field | 00876nas a2200253 4500 |
| 005 - DATE AND TIME OF LATEST TRANSACTION | |
| control field | 20180807105926.0 |
| 008 - FIXED-LENGTH DATA ELEMENTS--GENERAL INFORMATION | |
| fixed length control field | 180807b xxu||||| |||| 00| 0 spa d |
| 022 ## - INTERNATIONAL STANDARD SERIAL NUMBER | |
| International Standard Serial Number | 16593359 |
| 082 ## - DEWEY DECIMAL CLASSIFICATION NUMBER | |
| Classification number | TEC Empresarial Vol. 12, N° 1, 2018 |
| 100 ## - MAIN ENTRY--PERSONAL NAME | |
| Personal name | Rocca Espinoza, Eduardo |
| 100 ## - MAIN ENTRY--PERSONAL NAME | |
| Personal name | García Peréz de Lema, Domingo |
| 100 ## - MAIN ENTRY--PERSONAL NAME | |
| Personal name | Duréndez Goméz Guillén, Antonio |
| 245 ## - TITLE STATEMENT | |
| Title | Factores determinantes para la concesión de crédito por parte de las entidades financieras a las Mipymes |
| 260 ## - PUBLICATION, DISTRIBUTION, ETC. | |
| Place of publication, distribution, etc. | Costa Rica |
| 260 ## - PUBLICATION, DISTRIBUTION, ETC. | |
| Name of publisher, distributor, etc. | Tecnológico de Costa Rica |
| 260 ## - PUBLICATION, DISTRIBUTION, ETC. | |
| Date of publication, distribution, etc. | 2018 |
| 300 ## - PHYSICAL DESCRIPTION | |
| Extent | 19-30 páginas |
| 440 ## - SERIES STATEMENT/ADDED ENTRY--TITLE | |
| Title | TEC Empresarial |
| Number of part/section of a work | 1 |
| Volume/sequential designation | 12 |
| 9 (RLIN) | 48957 |
| 650 ## - SUBJECT ADDED ENTRY--TOPICAL TERM | |
| Topical term or geographic name entry element | MIPYMES |
| 9 (RLIN) | 33612 |
| 650 ## - SUBJECT ADDED ENTRY--TOPICAL TERM | |
| Topical term or geographic name entry element | CRÉDITOS |
| 9 (RLIN) | 640 |
| 650 ## - SUBJECT ADDED ENTRY--TOPICAL TERM | |
| Topical term or geographic name entry element | ENTIDADES FINANCIERAS |
| 9 (RLIN) | 39325 |
| 773 0# - HOST ITEM ENTRY | |
| Host Biblionumber | 8043 |
| Host Itemnumber | 31674 |
| Main entry heading | |
| Edition | |
| Place, publisher, and date of publication | Costa Rica |
| Other item identifier | TE18112 |
| Title | TEC Empresarial |
| Record control number | |
| International Standard Serial Number | 16592395 |
| International Standard Book Number | |
| 942 ## - ADDED ENTRY ELEMENTS (KOHA) | |
| Koha item type | Revista |
No hay ítems disponibles.